| 000 | 02459nam0a2200361 4500 | ||
|---|---|---|---|
| 001 | RU\NLR\BIBL_A\022395296 | ||
| 005 | 20250114164617.0 | ||
| 010 |
_a978-5-6049672-6-3 _93000 |
||
| 021 |
_aRU _bКН-П-24-063930 _9КН-П-24-6352 |
||
| 035 | _a(NLR Aleph) 022395296 | ||
| 090 |
_a13332902 _c13332902 |
||
| 100 | _a20241128d2024 u y0rusy50 ca | ||
| 101 | 0 | _arus | |
| 102 | _aRU | ||
| 105 | _aac z 000ay | ||
| 181 | 0 |
_ai3 _baxxe |
|
| 181 | 0 |
_ab2 _bxb2e |
|
| 182 | 0 | _an | |
| 200 | 1 |
_aГерои моего детства _eпо сказкам А. С. Пушкина _fавтор проекта: Русское национально-культурное объединение Республики Татарстан _gредакционная коллегия: И. А. Александровская [и др.] |
|
| 203 |
_aТекст _aИзображение _bвизуальные _cнепосредственные |
||
| 210 |
_aКазань _cМир без границ _d2024 |
||
| 215 |
_a85, [2] с. _cцв. ил., портр. _d25 |
||
| 327 | 1 | _aСодерж.: Сказка о попе и работнике его Балде; Сказка о царе Салтане, о сыне его славном и могучем богатыре князе Гвидоне Салтановиче и о прекрасной царевне Лебеди; Сказка о рыбаке и рыбке; Сказка о мёртвой царевне и семи богатырях; Сказка о Золотом петушке. Сб. содерж. ил., созданные по мотивам худ.-ил. Б. В. Зворыкина, И. Я. Билибина и Б. А. Дехтерёва мастерами декоративно-прикладного искусства в различ. техниках лоскутного шитья | |
| 686 | 0 | _aШ9(2)60=Р5-5 | |
| 700 | 1 |
_7ca _8rus _aПушкин _bА. С. _cпоэт _f1799-1837 _gАлександр Сергеевич _9110441 _3RU\NLR\AUTH\77386 |
|
| 702 | 1 |
_aАлександровская _bИ. А. _gИрина Алексеевна _4340 |
|
| 712 | 0 | 2 |
_4570 _aРусское национально-культурное объединение Республики Татарстан _cКазань _9787116 _3RU\NLR\AUTH\880559906 |
| 942 | _cBOOK | ||
| 980 | _aNB | ||